載入...
Techno-economic survey of Punjab /
| 語言: | Undetermined |
|---|---|
| 出版: |
1962.
|
| LEADER | 00369nam a2200109Ia 4500 | ||
|---|---|---|---|
| 001 | 117768 | ||
| 008 | 170722s9999 xx 000 0 und d | ||
| 245 | |a Techno-economic survey of Punjab / | ||
| 260 | |c 1962. | ||
| 942 | |c GEN | ||
| 999 | |c 60204 |d 60204 | ||
| 952 | |0 0 |1 0 |4 0 |6 X__243_000000000000000_N5T4_K2 |7 0 |8 LC1 |9 85938 |a LIB |b LIB |d 2017-08-12 |h LC1 |o X.243.N5t4 K2 |p 90621 |r 2017-08-12 |w 2017-08-12 |y GEN | ||